000
00239nam a2200097Ia 4500
008
231107s1994 xx 000 0 und d
041
_a
eng
100
_a
Calloway S.
245
_a
Elements of Style
260
_b
Octopus Publishing Group
_c
1994
999
_c
923522
_d
923522